| 000 | 00469 a2200169 4500 | ||
|---|---|---|---|
| 003 | OSt | ||
| 005 | 20230918160327.0 | ||
| 008 | 230918b |||||||| |||| 00| 0 eng d | ||
| 020 | _a9789391047504 | ||
| 040 | _coclc | ||
| 082 |
_a920 _bTHA/A |
||
| 100 |
_aTharoor, Shashi _d1956- _91771 |
||
| 245 |
_aAMBEDKAR : A LIFE/ _cShashi Tharoor |
||
| 260 |
_aNew Delhi: _bAleph, _c2022. |
||
| 300 | _a226 p | ||
| 942 |
_2ddc _cBK _h920 _iTHA/A _k920 _mTHA/A |
||
| 999 |
_c42180 _d42180 |
||